000
00232 a2200097 4500
001
37323
100
_a
Ranganathan S R
245
_a
Five Laws of library Sc
260
_a
Bangalore
_b
Rangana Than Endowment
_c
090
_c
23794
_d
23794
942
_a
NUST-CAE
_c
M
_c
15329
999
_c
272396
_d
272396